Essays in African banking law and practice / (Record no. 550)
[ view plain ]
| 000 -LEADER | |
|---|---|
| fixed length control field | 01556cam a2200373 a 4500 |
| 001 - CONTROL NUMBER | |
| control field | 11828744 |
| 003 - CONTROL NUMBER IDENTIFIER | |
| control field | OSt |
| 005 - DATE AND TIME OF LATEST TRANSACTION | |
| control field | 20110722091115.0 |
| 008 - FIXED-LENGTH DATA ELEMENTS--GENERAL INFORMATION | |
| fixed length control field | 990604s1998 ug b 001 0 eng |
| 010 ## - LIBRARY OF CONGRESS CONTROL NUMBER | |
| LC control number | 99890159 |
| 020 ## - INTERNATIONAL STANDARD BOOK NUMBER | |
| Cancelled/invalid ISBN | 9970901289 |
| 035 ## - SYSTEM CONTROL NUMBER | |
| System control number | (DLC) 99890159 |
| 040 ## - CATALOGING SOURCE | |
| Original cataloging agency | DLC |
| Transcribing agency | DLC |
| Modifying agency | DLC |
| 042 ## - AUTHENTICATION CODE | |
| Authentication code | lcode |
| 043 ## - GEOGRAPHIC AREA CODE | |
| Geographic area code | f-ug--- |
| -- | f------ |
| -- | b------ |
| 050 00 - LIBRARY OF CONGRESS CALL NUMBER | |
| Classification number | KTW88.6 |
| Item number | .T86 1998 |
| 082 00 - DEWEY DECIMAL CLASSIFICATION NUMBER | |
| Classification number | 346.082 TUM |
| Edition number | 21 |
| 100 2# - MAIN ENTRY--PERSONAL NAME | |
| Personal name | Tumwine-Mukubwa, Grace Patrick. |
| 9 (RLIN) | 556 |
| 245 10 - TITLE STATEMENT | |
| Title | Essays in African banking law and practice / |
| Statement of responsibility, etc | by Grace Patrick Tumwine-Mukubwa with contributions from Peter Mukidi Walubiri and Richard Okumu-Wengi. |
| 260 ## - PUBLICATION, DISTRIBUTION, ETC. (IMPRINT) | |
| Place of publication, distribution, etc | Kampala : |
| Name of publisher, distributor, etc | Uganda Law Watch, |
| Date of publication, distribution, etc | 1998. |
| 300 ## - PHYSICAL DESCRIPTION | |
| Extent | xxvii, 576 p. ; |
| Dimensions | 21 cm. |
| 504 ## - BIBLIOGRAPHY, ETC. NOTE | |
| Bibliography, etc | Includes bibliographical references. |
| 650 #0 - SUBJECT ADDED ENTRY--TOPICAL TERM | |
| Topical term or geographic name as entry element | Banking law |
| Geographic subdivision | Uganda. |
| 9 (RLIN) | 1600 |
| 650 #0 - SUBJECT ADDED ENTRY--TOPICAL TERM | |
| Topical term or geographic name as entry element | Banking law |
| Geographic subdivision | Africa. |
| 9 (RLIN) | 1601 |
| 650 #0 - SUBJECT ADDED ENTRY--TOPICAL TERM | |
| Topical term or geographic name as entry element | Banking law |
| Geographic subdivision | Commonwealth countries. |
| 9 (RLIN) | 1602 |
| 700 1# - ADDED ENTRY--PERSONAL NAME | |
| Personal name | Walubiri, Peter Mukidi. |
| 9 (RLIN) | 586 |
| 700 2# - ADDED ENTRY--PERSONAL NAME | |
| Personal name | Okumu-Wengi, Richard. |
| 9 (RLIN) | 585 |
| 906 ## - LOCAL DATA ELEMENT F, LDF (RLIN) | |
| a | 7 |
| b | cbc |
| c | origode |
| d | 2 |
| e | ncip |
| f | 19 |
| g | y-gencatlg |
| 942 ## - ADDED ENTRY ELEMENTS (KOHA) | |
| Source of classification or shelving scheme | Dewey Decimal Classification |
| Koha item type | Books |
| Withdrawn status | Lost status | Source of classification or shelving scheme | Damaged status | Not for loan | Home library | Current library | Shelving location | Date acquired | Total Checkouts | Full call number | Barcode | Date last seen | Price effective from | Koha item type |
|---|---|---|---|---|---|---|---|---|---|---|---|---|---|---|
| Dewey Decimal Classification | Law Development Centre Main Library | Law Development Centre Main Library | Text Books and Laws | 04/26/2011 | 346.082 TUM | 2011/2409 | 04/26/2011 | 04/26/2011 | Books | |||||
| Dewey Decimal Classification | Law Development Centre Main Library | Law Development Centre Main Library | Text Books and Laws | 04/26/2011 | 346.082 TUM | 077010 | 04/26/2011 | 04/26/2011 | Books | |||||
| Dewey Decimal Classification | Law Development Centre Main Library | Law Development Centre Main Library | Text Books and Laws | 04/26/2011 | 346.082 TUM | 07700 | 04/26/2011 | 04/26/2011 | Books |
